Estadísticas para Barris de Font-rubí

Haz click aquí para intentar la prueba.

Estadísticas generales

  • Esta prueba ha sido intentada 8 veces
  • La puntuación promedio es 11 de 16

Estadísticas de respuestas

Habitants (2022)Respuesta% Correcto
8el Coll de la Barraca
100%
40Font-rubí
100%
499Guardiola de Font-rubí
100%
122l'Alzinar
100%
44l'Avellà
100%
133Grabuac i la Fanga
83%
29les Cases Noves
83%
80Montjuïc
83%
69les Casetes d'en Raspall
67%
91Santa Maria de Bellver
67%
164Can Castellví
50%
51la Maçana
50%
13Mas Moió
50%
25Cal Semisó i la Font
33%
60els Pujols
33%
18Sabanell
33%

Distribución de puntuación

Porcentaje por número respondido

Porcentaje de gente con cada puntuación

Historial de tus puntuaciones

No has intentado esta prueba.